Autour du tennis de table aux JO - Statistiques

Statistiques générales
  • Ce quiz a été pris 128 fois
    74 depuis la dernière actualisation
  • Le résultat moyen est 11 sur 14
Statistiques - réponses
Hint Réponse % Correct
Généralités Ce sport est aussi appelé ping pong
93%
Les médaillés français Simple messieurs 2024 Felix {Lebrun}
92%
Les médaillés français Par équipe 2024 Felix {Lebrun}
92%
Les médaillés français Par équipe 2024 Alexis {Lebrun}
90%
Généralités La discipline compte (...) épreuves 5
87%
Les médaillés français Par équipe 2024 Simon {Gauzy}
87%
Généralités La première nation européenne est avec 9 médailles la/le/l'/les Allemagne
82%
Les médaillés français Simple messieurs 1992 Jean-Philippe {Gatien}
78%
Les médaillés français Double messieurs 2000 Jean-Philippe {Gatien}
78%
Généralités Tous les grands pongistes sont chinois à l'exception de Jan-Ove Waldner qui est Suédois
70%
Généralités L'Asie a remporté 84 % des médailles distribuées soit {113} sur 130
57%
Généralités Le tennis de table apparait aux JO en 1988
55%
Généralités La Chine domine largement ce sport, elle est suivie en deuxième par la/le/l'/les Corée-du-Sud
55%
Les médaillés français Double messieurs 2000 Patrick {Chila}
55%
Aucun quiz correspondant
Distribution des résultats
% des personnes avec chaque résultat
Percentile par nombre de réponses
Votre historique - résultats
Vous n’avez pas pris ce quiz depuis la dernière actualisation